Statistiques concernant Diaspora indienne

Cliquez ici pour prendre le quiz!

Statistiques générales

  • Ce quiz a été pris 3,578 fois
    (883 depuis la dernière actualisation)
  • Le résultat moyen est 5 sur 10

Statistiques - réponses

# Pays % Correct
4,46 MEtats-Unis
96%
1,83 MRoyaume-Uni
92%
1,02 MCanada
88%
1,61 MSri Lanka
50%
2,81 MArabie Saoudite
47%
3,10 MÉmirats arabes unis
41%
2,99 MMalaisie
38%
2,00 MBirmanie
36%
1,56 MAfrique du Sud
36%
0,93 MKoweït
23%

Distribution des résultats

Percentile by Number Answered

% des personnes avec chaque résultat

Votre développement - résultats

Vous n’avez pas pris ce quiz depuis la dernière actualisation